000 00539nam a2200205Ia 4500
003 OSt
005 20230509170325.0
008 210423s2009 xx 000 0 und d
020 _a978813244631
040 _cAL
041 _aeng
082 _a576
_223
_bPARS
100 _aPARIJA (Subhash Chandra).
_9101804
245 _aTextbook of microbiology and immunology.
260 _aHaryana
_bElsevier India
_c2009
300 _axvii,683
_bPB
365 _b795
_cINR
906 _aimmunology. ; microbiology ; Textbook
942 _2ddc
_cBK
999 _c164098
_d164098